000 00919nam a2200217 i 4500
001 165408
003 ES-MaACL
005 20251014063241.0
008 991105s1872 sp |||| | spa d
040 _aM-RAJU
_bspa
_cM-RAJU
_dCCPB | B
100 1 _aSimonet, Francisco Javier,
_d1829-1897
_9106570
245 1 0 _aDescripción del Reino de Granada /
_csacada de los autores arábigos por Francisco Javier Simonet.
250 _aNueva ed. corr. y aum.
260 _aGranada :
_bImprenta y Librería de Reyes y Hermano,
_c1872.
300 _aVIII, 320 p. ;
_c24 cm.
530 _aDisponible en formato digital.
651 4 _aGranada (Reino)-
_xHistoria.
_9137204
852 _aES-MaACL
_jF-5416
_z-- Enc. hol.
_z-- Dedic. ms. del autor al Ateneo Científico y Literario de Madrid
856 _uhttp://bdh-rd.bne.es/viewer.vm?id=0000248165&page=1
_zBiblioteca Digital Hispánica
999 _c165408
_d165408